| 000 | 00493nam a2200145Ia 4500 | ||
|---|---|---|---|
| 008 | 170221s9999 xx 000 0 und d | ||
| 100 | _aIfeoma Vivian Dunu | ||
| 245 | _aGate Keeping and the Media:"Keeping Out the Other?” Analysis of a Campus Print Media | ||
| 245 | _cIfeoma Vivian Dunu, Ekene Godfrey Okafor | ||
| 260 | _bOnline Journal of Communication and Media Technologies | ||
| 260 | _c2014 | ||
| 650 | _xCommunication | ||
| 650 | _xMedia Arts | ||
| 856 | _uhttp://www.ojcmt.net/ | ||
| 999 |
_c310614 _d310614 |
||